| 000 | 00467cab a2200205 4500 | ||
|---|---|---|---|
| 001 | X2703 | ||
| 008 | 090401t1990 xxu||||| |||| 00| 0 eng d | ||
| 035 | _a(Sirsi) u25872 | ||
| 041 | _aeng | ||
| 245 | 4 | _aThe best way to invest in a room with a view | |
| 260 | _c1990 | ||
| 350 | _a0 | ||
| 490 |
_aAsian Property _vMarch 1990, 8-10 (2) |
||
| 650 | _aASIA | ||
| 650 | _aHOTELS | ||
| 650 | _aMARKET | ||
| 690 | _aOVERSEAS | ||
| 942 | _n0 | ||
| 948 | _c04/03/1997 | ||
| 999 |
_c17384 _d17384 |
||